LEADER 00912nam0-22003011i-450- 001 990000783600403321 005 20100114193245.0 035 $a000078360 035 $aFED01000078360 035 $a(Aleph)000078360FED01 035 $a000078360 100 $a20020821d1956----km-y0itay50------ba 101 0 $amul 102 $aIT 105 $ay-------001yy 200 1 $aBellezze d'Italia$eville e giardini 210 $aMilano$cSilvana Editoriale d'Arte$d1956 215 $a[164] p.$cXVI tav. color., 80 ill$d31 cm 225 1 $aBellezze d'Italia 300 $aOpera ed. per conto della Soc. Anonima Elettrificaz. di Milano: - Testo in ital., franc., ingl., spagn., portog., ted. 676 $a728.8 801 0$aIT$bUNINA$gRICA$2UNIMARC 901 $aBK 912 $a990000783600403321 952 $aART.FI C 114$b1277/186$fFARBC 959 $aFARBC 996 $aBellezze d'Italia$9350698 997 $aUNINA LEADER 01997nam a2200313 a 4500 001 991004018459707536 008 030224s gw 000 0 eng d 020 $a3540643079 (hardcover : alk. paper) 035 $ab11898963-39ule_inst 082 0 $a523.7 084 $aLC QB520 084 $a52.9.521 245 00$aSpace solar physics :$btheoretical and observational issues in the context of the SOHO mission : proceedings of a summer school, held in Orsay, France, 1-13 September 1997 /$cJean Claude Vial, Karine Bocchialini, Patrick Boumier (eds.) 260 $aBerlin ;$aNew York :$bSpringer,$cc1998 300 $axiii, 296 p. :$bill. ;$c25 cm. 490 0 $aLecture notes in physics,$x0075-8450 ;$v507 504 $aIncludes bibliographical references. 505 0 $aMethods and techniques in helioseismology / Teodoro Roca Cortés - Solar magnetic fields : an introduction / Sami K. Solanki - Heating of chromospheres and coronae / Peter Ulmsschmeider - Solar wind / Eckart Marsch - Plasma diagnostics for the solar atmosphere / Helen E. Mason - Radiative transfer and radiation hydrodynamics / Mats Carlsson - Basic concepts in solar magnetohydrodynamics / Robert W. Walsh - Heliospheric plasma physics : an introduction / Marco Velli - Instrumentation : spectroscopy / Philippe Lemaire - A SOHO user manual / Petrus C. Martens - SOHO : an example of project management / Fabrizio Felici - Future ESA projects / Roger M. Bonnet. 610 20$aSOHO (Artificial satellite)$xCongresses 651 0$aSun$xCongresses 700 1 $aVial, Jean-Claude 700 1 $aBocchialini, Karine$eauthor$4http://id.loc.gov/vocabulary/relators/aut$061801 700 1 $aBoumier, Patrick 907 $a.b11898963$b28-04-17$c24-02-03 912 $a991004018459707536 945 $aLE006 52.9.52 VIA$g1$i2006000088282$lle006$o-$pE0.00$q-$rl$s- $t0$u0$v0$w0$x0$y.i12161500$z24-02-03 996 $aSpace solar physics$91454857 997 $aUNISALENTO 998 $ale006$b24-02-03$cm$da $e-$feng$ggw $h0$i1 LEADER 00960nam a2200241 i 4500 001 991002862069707536 008 151127s2015 it a b 000 0 ita d 020 $a9788822068569 035 $ab14244755-39ule_inst 040 $aBibl. Interfacoltà T. Pellegrino$bita 082 04$a306.46 100 1 $aGallina, Paolo$d<1971- >$0481124 245 12$aL'anima delle macchine :$btecnodestino, dipendenza tecnologica e uomo virtuale /$cPaolo Gallina ; prefazione di Giuseppe O. Longo 260 $aBari :$bEdizioni Dedalo,$c[2015] 300 $a243 p. :$bill. ;$c21 cm. 490 0 $aLa scienza è facile 650 4$aTecnologia$xAspetti socio-culturali 907 $a.b14244755$b27-11-15$c27-11-15 912 $a991002862069707536 945 $aLE002 306.46 GAL$g1$i2002001058545$lle002$op$pE16.00$q-$rl$s- $t0$u0$v0$w0$x0$y.i15704336$z27-11-15 996 $aAnima delle macchine$9254513 997 $aUNISALENTO 998 $ale002$b27-11-15$cm$da $e $fita$git $h2$i0